[Event "Catalunya-chT Gp1"]
[Site "Barcelona"]
[Date "2017.01.28"]
[Round "2.10"]
[White "Labena Bernal, Antonio"]
[Black "Romero Perera, Eugeni"]
[Result "0-1"]
[WhiteElo "2109"]
[BlackElo "1968"]
[PlyCount "86"]
[EventDate "2017.01.21"]
[EventType "team-tourn"]
[EventRounds "7"]
[EventCountry "ESP"]
[SourceTitle "CBM 176 Extra"]
[Source "ChessBase"]
[SourceDate "2017.03.02"]
[SourceVersion "1"]
[SourceVersionDate "2017.03.02"]
[SourceQuality "1"]
[WhiteTeam "Tres Peons"]
[BlackTeam "Mollet"]
[WhiteTeamCountry "ESP"]
[BlackTeamCountry "ESP"]

1. e4 d5 2. exd5 Qxd5 3. Nc3 Qa5 4. Bc4 Nf6 5. d3 c6 6. Bd2 Qc7 7. Qe2 Nbd7 8. 0-0-0 b5 9. Bb3 Nc5 10. d4 Nxb3+ 11. axb3 e6 12. g4 Bb7 13. g5 Nd7 14. f4 0-0-0 15. Nf3 Be7 16. Rhf1 b4 17. Ne4 Qa5 18. Kb1 Ba6 19. c4 bxc3 20. Bxc3 Bxe2 21. Bxa5 Rdf8 22. Ne5 Nxe5 23. dxe5 Bxf1 24. Nd6+ Kb8 25. Rxf1 Bxd6 26. exd6 Kc8 27. Bb4 Kd7 28. Bc5 a6 29. Kc2 f6 30. Ra1 Ra8 31. h4 fxg5 32. hxg5 Rhf8 33. Rh1 Rxf4 34. Rxh7 Rg8 35. b4 a5 36. Kc3 axb4+ 37. Bxb4 Rg4 38. Rh1 Rf8 39. Bc5 Rf3+ 40. Kd2 Rg2+ 41. Kc1 Rxg5 42. b4 Rg2 43. Kd1 Ra3 0-1

[Event "ESP-ch U18"]
[Site "Padron"]
[Date "2008.07.28"]
[Round "3"]
[White "Labena Bernal, Antonio"]
[Black "Ruiz de la Torre Perez, Cristina"]
[Result "1/2-1/2"]
[WhiteElo "2045"]
[BlackElo "1908"]
[PlyCount "129"]
[EventDate "2008.07.27"]
[EventType "swiss"]
[EventRounds "9"]
[EventCountry "ESP"]
[SourceTitle "CBM 125 Extra"]
[Source "ChessBase"]
[SourceDate "2008.09.01"]
[SourceVersion "1"]
[SourceVersionDate "2008.09.01"]
[SourceQuality "1"]

1. e4 e5 2. Nf3 Nc6 3. d4 exd4 4. Nxd4 Bc5 5. Nxc6 Qf6 6. Qf3 dxc6 7. Nd2 Be6 8. Bd3 h6 9. Qxf6 Nxf6 10. Nb3 Bb6 11. Bd2 0-0-0 12. Bc3 Rhg8 13. f3 c5 14. Nd2 c6 15. 0-0-0 Bc7 16. Bc4 Bxc4 17. Nxc4 Bf4+ 18. Bd2 Bxd2+ 19. Rxd2 Rxd2 20. Kxd2 Rd8+ 21. Ke2 Ne8 22. Rd1 Rxd1 23. Kxd1 Kd7 24. Ke2 f6 25. Ke3 b6 26. g3 Ke6 27. f4 b5 28. Na5 Kd7 29. Nb7 c4 30. Kd4 Nc7 31. Nc5+ Ke7 32. h4 h5 33. f5 Kd6 34. Nb7+ Kd7 35. e5 fxe5+ 36. Kxe5 Ke7 37. Nd6 a6 38. Ne4 Nd5 39. Ng5 Nc7 40. Ne4 Nd5 41. Nc5 Nc7 42. Kf4 Kd6 43. Ne6 Nxe6+ 44. fxe6 Kxe6 45. Kg5 b4 46. c3 c5 47. a3 a5 48. Kg6 Ke5 49. Kxg7 Ke4 50. Kg6 Kd3 51. Kxh5 bxc3 52. bxc3 Kxc3 53. g4 Kb2 54. g5 c3 55. g6 c2 56. g7 c1Q 57. g8Q Qd1+ 58. Kh6 Qd6+ 59. Kh5 Qe5+ 60. Qg5 Qxg5+ 61. hxg5 c4 62. g6 c3 63. g7 c2 64. g8Q c1Q 65. Qd5 1/2-1/2

[Event "Aragon-chT"]
[Site "Aragon"]
[Date "2008.02.23"]
[Round "4"]
[White "Gomez Calomarde, Saul"]
[Black "Labena Bernal, Antonio"]
[Result "0-1"]
[WhiteElo "1932"]
[BlackElo "1994"]
[PlyCount "84"]
[EventDate "2008.02.02"]
[EventType "team-swiss"]
[EventRounds "12"]
[EventCountry "ESP"]
[SourceTitle "EXT 2011"]
[Source "ChessBase"]
[SourceDate "2010.11.26"]
[SourceVersion "1"]
[SourceVersionDate "2010.11.26"]
[SourceQuality "1"]

1. d4 d5 2. Bf4 Nf6 3. Nf3 e6 4. e3 c5 5. c3 Nc6 6. Bd3 Bd6 7. Bg3 0-0 8. Nbd2 Qe7 9. Ne5 Qc7 10. f4 c4 11. Bc2 Ne7 12. Bh4 Ne8 13. Nef3 f6 14. 0-0 b5 15. a3 a5 16. Qe2 Bd7 17. h3 Rb8 18. Bg3 Nc6 19. e4 Be7 20. Bh2 Rb7 21. Rae1 Qd8 22. exd5 exd5 23. Nh4 f5 24. Nhf3 Nd6 25. Ne5 Ne4 26. Ndf3 b4 27. axb4 axb4 28. Nxc6 Bxc6 29. Ne5 Be8 30. Bxe4 fxe4 31. Qg4 Bd7 32. Qe2 Bf6 33. Ra1 Qb6 34. Kh1 Rfb8 35. g4 Qd8 36. g5 Bxe5 37. dxe5 bxc3 38. bxc3 Bxh3 39. Rg1 Rb2 40. Qe3 Bf5 41. Rad1 Qb6 42. Qxb6 R8xb6 0-1

[Event "Aragon-chT Autonomico"]
[Site "Aragon"]
[Date "2007.03.17"]
[Round "8"]
[White "Labena Bernal, Antonio"]
[Black "Laplaza Ara, Carlos"]
[Result "1-0"]
[WhiteElo "2037"]
[BlackElo "2043"]
[PlyCount "31"]
[EventDate "2007.01.27"]
[EventType "team-tourn"]
[EventRounds "9"]
[EventCountry "ESP"]
[SourceTitle "EXT 2008"]
[Source "ChessBase"]
[SourceDate "2007.11.25"]
[SourceVersion "1"]
[SourceVersionDate "2007.11.25"]
[SourceQuality "1"]
[WhiteTeam "St Casablanca III"]
[BlackTeam "Huesca Club Atletismo"]
[WhiteTeamCountry "ESP"]
[BlackTeamCountry "ESP"]

1. e4 e5 2. Nf3 Nc6 3. Nc3 Nf6 4. d4 exd4 5. Nxd4 Bb4 6. Nxc6 bxc6 7. Bd3 h6 8. e5 Qe7 9. 0-0 Bxc3 10. bxc3 Nh7 11. Qg4 Kf8 12. Qa4 Kg8 13. Ba3 Qg5 14. f4 Qh4 15. Qa5 Qd8 16. Bd6 1-0

[Event "ESP Autonomico-chT"]
[Site "Spain"]
[Date "2006.03.11"]
[Round "6.31"]
[White "Labena Bernal, Antonio"]
[Black "Palomar Ramon, Santiago"]
[Result "1-0"]
[WhiteElo "1884"]
[BlackElo "2067"]
[PlyCount "97"]
[EventDate "2006.02.04"]
[EventType "team-tourn"]
[EventRounds "9"]
[EventCountry "ESP"]
[SourceTitle "EXT 2007"]
[Source "ChessBase"]
[SourceDate "2006.11.23"]
[SourceVersion "1"]
[SourceVersionDate "2006.11.23"]
[SourceQuality "1"]

1. e4 Nc6 2. Nc3 Nf6 3. d4 d5 4. exd5 Nxd5 5. Nxd5 Qxd5 6. Be3 e6 7. Nf3 Be7 8. Bd3 0-0 9. 0-0 b6 10. c3 Bb7 11. Bc2 Bf6 12. Qd3 g6 13. Bh6 Rfd8 14. Rfe1 Ne7 15. Bb3 Qf5 16. Qxf5 Nxf5 17. Bg5 Kg7 18. Bxf6+ Kxf6 19. Ne5 Rac8 20. Rad1 c5 21. dxc5 Rxd1 22. Bxd1 bxc5 23. Bf3 Bxf3 24. Nxf3 Rd8 25. Kf1 g5 26. Ke2 g4 27. Nd2 Nd6 28. Rd1 Ke7 29. Nf1 f5 30. Ne3 h5 31. g3 Ne4 32. Rxd8 Kxd8 33. Ng2 Kd7 34. Nf4 Nf6 35. Ke3 a5 36. Nd3 Nd5+ 37. Kd2 Kd6 38. Nc1 c4 39. Ne2 e5 40. b3 Kc5 41. Kc2 f4 42. Kd2 f3 43. Nc1 e4 44. a3 Nxc3 45. Kxc3 e3 46. bxc4 e2 47. Nd3+ Kc6 48. Kd4 Kd6 49. c5+ 1-0

[Event "ESP Autonomico-chT"]
[Site "Spain"]
[Date "2006.02.04"]
[Round "1.63"]
[White "Molina Cubero Luna, German"]
[Black "Labena Bernal, Antonio"]
[Result "0-1"]
[WhiteElo "1978"]
[BlackElo "1884"]
[PlyCount "84"]
[EventDate "2006.02.04"]
[EventType "team-tourn"]
[EventRounds "9"]
[EventCountry "ESP"]
[SourceTitle "EXT 2007"]
[Source "ChessBase"]
[SourceDate "2006.11.23"]
[SourceVersion "1"]
[SourceVersionDate "2006.11.23"]
[SourceQuality "1"]

1. e4 e5 2. Nf3 Nc6 3. Bb5 a6 4. Ba4 Nf6 5. d4 exd4 6. e5 Nd5 7. 0-0 Be7 8. Bb3 Nb6 9. Nxd4 0-0 10. Nf5 Nxe5 11. Nxe7+ Qxe7 12. Re1 Qf6 13. Nc3 d6 14. Ne4 Qg6 15. Ng3 Be6 16. Bd2 Bxb3 17. axb3 Rfe8 18. f4 Nc6 19. f5 Qf6 20. Bc3 Rxe1+ 21. Qxe1 Ne5 22. Qe4 Rb8 23. Re1 Nbd7 24. Nh5 Qg5 25. Ng3 Nf6 26. Qe2 Re8 27. Qd1 Nfg4 28. Re4 h5 29. Bxe5 Rxe5 30. Qe1 Rxe4 31. Qxe4 Qe3+ 32. Qxe3 Nxe3 33. Kf2 Nxc2 34. Nxh5 Nd4 35. f6 g6 36. Nf4 Nxb3 37. h4 Nc5 38. g4 Ne4+ 39. Kf3 Nxf6 40. g5 Nd7 41. Nd5 c6 42. Nc3 Kf8 0-1

[Event "Zaragoza op"]
[Site "Zaragoza"]
[Date "2005.11.18"]
[Round "6"]
[White "Labena Bernal, Antonio"]
[Black "Navarro Alonso, Jorge Luis"]
[Result "0-1"]
[WhiteElo "1942"]
[BlackElo "2136"]
[PlyCount "55"]
[EventDate "2005.10.07"]
[EventType "swiss"]
[EventRounds "9"]
[EventCountry "ESP"]
[SourceTitle "EXT 2007"]
[Source "ChessBase"]
[SourceDate "2006.11.23"]
[SourceVersion "1"]
[SourceVersionDate "2006.11.23"]
[SourceQuality "1"]

1. e4 c5 2. c3 e6 3. d4 d5 4. exd5 exd5 5. Nf3 Bd6 6. Bb5+ Bd7 7. Bxd7+ Qxd7 8. 0-0 Nc6 9. dxc5 Bxc5 10. Re1+ Nge7 11. Nbd2 0-0 12. Nb3 Bb6 13. Be3 Bc7 14. Qd2 b6 15. Bf4 Bxf4 16. Qxf4 Ng6 17. Qd2 Rad8 18. Rad1 Qc7 19. Qg5 h6 20. Qf5 Nce7 21. Qd3 Nf4 22. Qd4 Neg6 23. Ne5 Rd6 24. Nd2 Qc8 25. Ndf3 Qf5 26. Kh1 Rf6 27. Rd2 Re8 28. g4 0-1

[Event "Zaragoza op"]
[Site "Zaragoza"]
[Date "2005.10.21"]
[Round "2"]
[White "Labena Bernal, Antonio"]
[Black "Cortes Lizano, Jesus"]
[Result "0-1"]
[WhiteElo "1942"]
[BlackElo "2177"]
[PlyCount "82"]
[EventDate "2005.10.07"]
[EventType "swiss"]
[EventRounds "9"]
[EventCountry "ESP"]
[SourceTitle "EXT 2007"]
[Source "ChessBase"]
[SourceDate "2006.11.23"]
[SourceVersion "1"]
[SourceVersionDate "2006.11.23"]
[SourceQuality "1"]

1. e4 c6 2. Nf3 d6 3. d4 Nf6 4. Bd3 g6 5. 0-0 Bg7 6. Re1 0-0 7. c3 Re8 8. e5 Nd5 9. exd6 Qxd6 10. Nbd2 b5 11. Ne4 Qc7 12. Bg5 Bf5 13. Bh4 Bxe4 14. Bxe4 Qb7 15. Qb3 e6 16. a4 b4 17. Bg3 Na6 18. Rec1 Rac8 19. Bd3 c5 20. Bxa6 Qxa6 21. c4 Nf6 22. dxc5 Qa5 23. Bd6 Ne4 24. Be5 Nxc5 25. Qe3 Red8 26. Bxg7 Kxg7 27. Nd4 Kg8 28. b3 Rxd4 29. Qxd4 Nxb3 30. Qd7 Rc7 31. Qd8+ Kg7 32. h3 Qc5 33. Rab1 Nxc1 34. Rxc1 Rc6 35. Qd1 e5 36. Qb3 a5 37. Rd1 Rf6 38. Rd2 Rf4 39. Rc2 Rd4 40. Kh2 e4 41. Qe3 Qe5+ 0-1

[Event "Zaragoza Delicias op 6th"]
[Site "Zaragoza"]
[Date "2005.09.16"]
[Round "7"]
[White "Garza Marco, Sergio"]
[Black "Labena Bernal, Antonio"]
[Result "1-0"]
[WhiteElo "2365"]
[BlackElo "1967"]
[PlyCount "49"]
[EventDate "2005.09.11"]
[EventType "swiss"]
[EventRounds "9"]
[EventCountry "ESP"]
[SourceTitle "EXT 2007"]
[Source "ChessBase"]
[SourceDate "2006.11.23"]
[SourceVersion "1"]
[SourceVersionDate "2006.11.23"]
[SourceQuality "1"]

1. Nf3 d5 2. c4 e6 3. g3 dxc4 4. Qc2 Nf6 5. Bg2 c6 6. Qxc4 Qd5 7. Qc2 Na6 8. Nc3 Qh5 9. d4 Be7 10. e4 0-0 11. Ne5 Nb4 12. Qb1 Nd7 13. Bf3 Qh3 14. Nd3 Nxd3+ 15. Qxd3 g5 16. Be3 b6 17. Qe2 Bb7 18. 0-0-0 a5 19. Bg4 Qh6 20. h4 Qg6 21. hxg5 Bxg5 22. Bxg5 Qxg5+ 23. f4 Qg7 24. Rh5 h6 25. e5 1-0

[Event "Autonomico-chT"]
[Site "Aragon"]
[Date "2005.03.05"]
[Round "6.44"]
[White "Labena Bernal, Antonio"]
[Black "Labrador Postigo, Francisco Manuel"]
[Result "1/2-1/2"]
[WhiteElo "1882"]
[BlackElo "2041"]
[PlyCount "106"]
[EventDate "2005.01.22"]
[EventType "team-tourn"]
[EventRounds "12"]
[EventCountry "ESP"]
[SourceTitle "EXT 2006"]
[Source "ChessBase"]
[SourceDate "2005.11.24"]
[SourceVersion "1"]
[SourceVersionDate "2005.11.24"]
[SourceQuality "1"]

1. e4 c5 2. c3 Nf6 3. e5 Nd5 4. d4 cxd4 5. Nf3 Nc6 6. cxd4 e6 7. Bc4 d6 8. 0-0 dxe5 9. dxe5 Be7 10. Bd2 0-0 11. Nc3 Nxc3 12. Bxc3 Qxd1 13. Rfxd1 a6 14. a4 b6 15. Rac1 Rb8 16. Be2 b5 17. axb5 axb5 18. Nd4 Nxd4 19. Bxd4 Rd8 20. Ba7 Rxd1+ 21. Bxd1 Ra8 22. Bf3 Rxa7 23. Rxc8+ Bf8 24. g3 b4 25. Rc1 Ra5 26. Re1 g6 27. Bd1 Rd5 28. Bf3 Rc5 29. Bd1 Rc1 30. b3 Bc5 31. Kf1 Bd4 32. Be2 Rc2 33. f4 Rb2 34. Rd1 Bc3 35. Bc4 Rxh2 36. Rd8+ Kg7 37. Rd7 Kf8 38. Rd3 h5 39. Kg1 Rb2 40. Kh1 g5 41. Rf3 g4 42. Rf1 Kg7 43. Rd1 Rd2 44. Rxd2 Bxd2 45. Kg2 Kf8 46. Be2 Ke7 47. Kf1 f6 48. exf6+ Kxf6 49. Bd3 Bc3 50. Kf2 Bd4+ 51. Kg2 Be3 52. Be2 e5 53. fxe5+ Kxe5 1/2-1/2